Plynárenské huby - významný nástroj obchodovania so zemným plynom

Charakteristika plynárenských hubov. Postavenie hubov na trhu s plynom. Vývoj plynárenských hubov. Tvorba cien v huboch.

Enregistré dans:
Détails bibliographiques
Auteur principal: Bašová, Alena, 1961-
Format: Chapitre de livre
Langue:slovaque
Sujets:
Tags: Ajouter un tag
Pas de tags, Soyez le premier à ajouter un tag!

MARC

LEADER 00000naa a2200000 4500
001 0210763
005 20240502073518.5
041 0 |a slo 
044 |a SK 
245 1 0 |a Plynárenské huby - významný nástroj obchodovania so zemným plynom  |c Alena Bašová 
520 |a Charakteristika plynárenských hubov. Postavenie hubov na trhu s plynom. Vývoj plynárenských hubov. Tvorba cien v huboch. 
610 2 0 |a politika energetická 
610 2 0 |a plyn zemný 
610 2 0 |a ceny 
610 2 0 |a konkurencia 
610 2 0 |a trh 
610 2 0 |a trh energetický 
100 1 |a Bašová, Alena, 1961-